| 000 | 00491pab a2200193 454500 | ||
|---|---|---|---|
| 008 | 180718b2010 xxu||||| |||| 00| 0 eng d | ||
| 100 | _aKessing, Sebastian G. | ||
| 245 | _aFederalism and accountability with distorted election choices | ||
| 260 | _c2010 | ||
| 300 | _ap.239-247. | ||
| 362 | _aMar | ||
| 650 | _aElections | ||
| 650 | _aDecentralization | ||
| 650 | _aAccountability | ||
| 650 | _aFederalism | ||
| 773 | _aJournal of Urban Economics | ||
| 908 | _aN | ||
| 909 | _a90600 | ||
| 999 |
_c90600 _d90600 |
||